MDQL
is popping MORE tags! Check the
thread
!
Quizzes
Events
Quiz Creation
Community
Videos
Private Events
Remove Ads
Sign In
Join for FREE
Feedback
Dark Mode
Quiz Categories
Sports
Geography
Music
Movies
Television
Just For Fun
Miscellaneous
History
Literature
Language
Science
Gaming
Entertainment
Religion
Holiday
For Kids
Quiz Lab
Recent
Popular Today
Quiz Kudos Today
Editor Picks
Curator Picks
Quizzes by...
Day
Popularity
Type
Ratings
Length
Year
Community
Subscriptions
Recent Discussions
Orange Saloon
Badges
Playlists
Quests
Create
Leaderboards
Showdown
Live 5
Trivia Bingo
Activity
Puzzle Library
Sporcle Events
Private Events
Virtual Trivia
Globe League
Become a Host
Pub Owners
SporcleCon
Opinionation
Our Games
Videos
Blog
Mobile Apps
Partnerships
Remove Ads and Go Orange
Feedback
Movies
Disney
Marvel Cinematic Universe
Movie Resume
Movie Titles
Oscar
Actor
Actress
Director
Pixar
Role
Movie Quotes
Movie Characters
Box Office
Nominee
Best Picture
Star Wars
James Bond
Horror Movies
Movies
Disney
Marvel Cinematic Universe
Movie Resume
Movie Titles
Oscar
Actor
Actress
Director
Pixar
Role
Movie Quotes
Movie Characters
Box Office
Nominee
Best Picture
Star Wars
James Bond
Horror Movies
Random Quiz
Search Sporcle
×
Quiz Lab
Quiz Lab
Movies
Movie Quotes
Type in answers that appear in a list
Type in answers that appear in a list
Classic
Best Score? Go Orange.
Answer Me! (Fight Club Quotes) Stats
Can you name the Fight Club characters' answers to questions asked in the movie?
By
CheersCC
6m
12 Questions
858 Plays
858 Plays
858 Plays
Comments
Comments
Give Quiz Kudos
Give Quiz Kudos
-
- Ratings
hide this ad
Forced Order
Answers have to be entered in order
Answers have to be entered in order
Replay
Link that replays current quiz
Next Quiz
Link to next quiz in quiz playlist
You Got
0%
They Got
Avg Score
32%
Avg Friend Score
Upgrade to see
Score Distribution
Jump to the score distribution portion of the page
Score
0/12
Timer
06:00
0
Plays Today
Question
Answer
% Correct
'The question, RAYMOND, is what did you want to be?'
'Veterinarian! Veterinarian!'
92.8%
[when narrator doesn't ask to stay at his house] 'Is it a problem for you to ask?'
'Can I stay at your place?'
53%
'You know why they put oxygen masks on planes?'
'Oxygen gets you high.'
42%
'Where'd you go, psycho boy?'
'I felt like destroying something beautiful.'
37.8%
'Is that your blood?'
'Some of it, yeah.'
32.2%
[looking at underwear ad] 'Is that what a man looks like?'
'Self-improvement is masturbation.'
30.9%
'Why would anyone possibly confuse you with me?'
'Because we're the same person.'
27%
[whispered] 'Wait. What is this place?
'A liposuction clinic.'
25.8%
[as Marla leans on his shoulder and fake-
cries] 'Why are you doing this?'
'It's cheaper than a movie and there's free coffee.'
23.2%
'Well let's not make a big thing out of it, okay?'
'How's this for not making a big thing?'
17.1%
'If you could fight anyone, who would you fight?'
'Shatner. I'd fight William Shatner.'
8.7%
'Do you want me to deprioritize my current reports until you advise me of a status upgrade?'
'Yes. Make these your primary action items.'
1.7%
Quiz Playlist
Details
Report
Send in Message
Add To Playlist
Classic:
Type in answers that appear in a list
Forced Order:
Answers have to be entered in order
Last Updated: Jan 7, 2019
Quiz Scoreboard
CHALLENGE
Sign Up to Join the Scoreboard
Show All
Scores
Hide
Comments
May contain spoilers
Recently Published
Two Season TV Shows II
by 123Four
Television
10m
Image Sorting: Flags VI
by Barbecue
Geography
2m
Find the 'City' Movie
by crazypaving
Movies
60s
More to Explore
Quiz From the Vault
Featured Blog Post
14 Easter Pick-up Lines to Find Eggs With
hide this ad
You Might Also Like...
Tags
Movie Quotes Quiz
Fight Club
Movie Scenes
Today's Top Quizzes in Movies
Browse Movies
hide this ad
Today's Top Quizzes in Movie Quotes
Browse Movie Quotes
Top Contributed Quizzes in Movies
1
The ultimate James Bond movie quiz
2
Find The 'Big' Movie
3
Find The 'Wild' Movie
4
Find The 'Blue' Movie
5
Movies By Plot
6
Hidden Star Wars Character II
7
Pick 5 Posters: Directed by Spielberg
8
Hidden Star Wars Character III
9
Hidden Star Wars Character IV
10
25 Best Actor Nominees (1990s)
Explore More
Trending Topics
Marvel
Disney
NBA
Harry Potter
Kpop
Crossword
Anime
Pokémon
Puzzle
Soccer
Country
Song
NFL
The Office
WWE
hide this ad
More By:
CheersCC
Quiz
Plays
Rating
Category
Featured
Created
What Obsessed Muse Fans Know
1,932
4.00
Music
Oct 7, 2010
Answer Me! (Fight Club Quotes)
858
4.33
Movies
Sep 9, 2011
Weird and Wild: Muse Music Videos [TOUGH!]
828
4.29
Music
Nov 16, 2010
Guess the Muse Song in Two Words
748
5.00
Music
Nov 22, 2010
Instrumental Eminem
427
4.00
Music
Jul 24, 2011
Go to Creator's Profile
Score Distribution
Quiz Creator Spotlight
CheersCC
Follow
Send a Message
Quizzes Created
-
Created Quiz Play Count
-
More By This Creator
Popular Quizzes Today
1
Find the US States - No Outlines Minefield
2
Colored Red Africa Blitz
3
Find the 'City' Movie
4
5x2 Blitz: Bands
5
The Countries of the World
6
Find the Countries of Europe - No Outlines Minefield
7
Find the US States
8
US States
More Movies Quizzes
Actors in 1975 Movie Posters
Quiz Lab
Trending Quizzes
Colored Red Europe Blitz I
Colored Red Africa Blitz II
Colored Red Europe Blitz II
Colored Red Africa Blitz III
Colored Red Europe Blitz III
Recently Updated
How Do You Spell That?
pecheneg
Godzilla Movies
pecheneg
Grab Bag: 4-10 Letters
pecheneg
2024 March Madness Bracket
pecheneg
Famous TV Couples
Peacemaker
Champions League XIs: Real Madrid
pecheneg
Largest US Cities 1790-2010
pecheneg
Rides in Walt Disney World
pecheneg
Most Oscar Losses (Acting)
pecheneg
Beyoncé Albums
pecheneg
Trending Topics
Kpop
NBA
Anime
Marvel
Disney
Harry Potter
Crossword
Country
NFL
Pokémon
The Office
WWE
Song
Puzzle
Soccer
Your Account Isn't Verified!
In order to create a playlist on Sporcle, you need to verify the email address you used during registration. Go to your
Sporcle Settings
to finish the process.
Report this User
Report this user for behavior that violates our
Community Guidelines
.
Details:
Send Report
Go to the Sporcle.com Mobile Site →
Comments